| 000 | 01046pam a2200289 a 4500 | ||
|---|---|---|---|
| 001 | 5210 | ||
| 003 | BD-RjUL | ||
| 005 | 20211208234029.0 | ||
| 008 | 131224s1995 nyua bf 001 0 eng | ||
| 020 | _a0824792319 (alk. paper) | ||
| 035 | _a(BD-RjUL)5246 | ||
| 040 |
_aDLC _cDLC _dDLC _dBD-RjUL _beng |
||
| 041 | _aeng | ||
| 082 | 0 | 0 |
_a350.100973 _220 _bHAN 1995 |
| 245 | 0 | 0 |
_aHandbook of public personnel administration / _cedited by Jack Rabin ... [et al.]. |
| 260 |
_aNew York : _bM. Dekker, _cc1995. |
||
| 300 |
_axv, 720 p. : _bill. ; _c25 cm. |
||
| 504 | _aIncludes bibliographical references and index. | ||
| 650 | 0 |
_aCivil service _zUnited States _xPersonnel management _xHandbooks, manuals, etc. _916394 |
|
| 700 | 1 |
_aRabin, Jack, _d1945- _916395 |
|
| 740 | 0 | _aPublic personnel administration. | |
| 856 | 4 | 2 |
_3Publisher description _uhttp://www.loc.gov/catdir/enhancements/fy0647/94022534-d.html |
| 942 |
_2ddc _cBK |
||
| 999 |
_c5210 _d5210 |
||